| 000 | 00543cam a2200145 4500500 | ||
|---|---|---|---|
| 005 | 20260208002352.0 | ||
| 041 | _afre | ||
| 042 | _adc | ||
| 100 | 1 | 0 |
_aGiafferi-Dombre, Natacha _eauthor |
| 245 | 0 | 0 | _aLaënnec Hurbon, Religions et lien social : l’Église et l’État moderne en Haïti, Paris, Le Cerf, 2004, 317 p., bibl. |
| 260 | _c2005. | ||
| 500 | _a4 | ||
| 786 | 0 | _nL'Homme | 175-176 | 3 | 2005-07-01 | p. 475o-572o | 0439-4216 | |
| 856 | 4 | 1 | _uhttps://shs.cairn.info/revue-l-homme-2005-3-page-475o?lang=fr&redirect-ssocas=7080 |
| 999 |
_c1645992 _d1645992 |
||